000 00594nam a2200217Ia 4500
003 GCL
008 140319s9999 xx 000 0 eng d
020 _a1857150945
040 _aGCL /
_cGCL
082 0 4 _a883
_bH O
100 1 _aHOMERE
245 1 0 _aTHE ODYSSEY /
_cHOMERE
700 1 _aFITZGERALD, ROBERT
700 1 _aHEANEY, SEAMUS
260 _aانجلترا :
_bEVERYMAN'S LIBRARY ،
_c1992
300 _a21 CM ؛
_cXXVII, 509 P
490 _aTHE MILLENNIUM LIBRARY
_v94
650 0 4 _aGREEK LITERATURE
650 0 4 _aGREEK LITERATURE - TRANSLATION INTO ENGLISH
942 _2ddc
_cBK
999 _c5209
_d5209